[Event "ESP-ch U14 rapid"]
[Site "Salobrena"]
[Date "2023.07.23"]
[Round "6"]
[White "Jove Albaiges, Guillem"]
[Black "Tabuenca Mendataurigoitia, Daniel"]
[Result "1-0"]
[WhiteElo "1891"]
[BlackElo "2168"]
[PlyCount "134"]
[EventDate "2023.07.22"]
[EventType "swiss (rapid)"]
[EventRounds "9"]
[EventCountry "ESP"]
[SourceTitle "EXT 2024"]
[Source "ChessBase"]
[SourceDate "2023.10.10"]
[SourceVersion "1"]
[SourceVersionDate "2023.10.10"]
[SourceQuality "1"]

1. d4 Nf6 2. c4 c5 3. d5 g6 4. Nc3 Bg7 5. e4 d6 6. Nge2 e6 7. Ng3 exd5 8. cxd5 0-0 9. Be2 Re8 10. 0-0 Nbd7 11. Re1 a6 12. a4 Qc7 13. a5 Rb8 14. Bd2 h5 15. Qc2 b5 16. axb6 Qxb6 17. Na4 Qc7 18. Nc3 c4 19. Nf1 Nc5 20. Bxc4 Ncxe4 21. Nxe4 Bf5 22. Nxf6+ Bxf6 23. Rxe8+ Rxe8 24. Qa4 Bd7 25. Qb3 Rb8 26. Qd3 Bf5 27. Qe2 Rxb2 28. Rxa6 Kg7 29. Bd3 Bg4 30. Qe3 Qb8 31. Qh6+ Kg8 32. h3 Bc8 33. Ra4 Rb3 34. Bc2 Rb2 35. Bxg6 fxg6 36. Qxg6+ Bg7 37. Bc3 Rb7 38. Qe8+ Bf8 39. Qxh5 Bg7 40. Qe8+ Bf8 41. Qg6+ Bg7 42. Rh4 Bf5 43. Qxf5 Bxc3 44. Rg4+ Bg7 45. Qe6+ Rf7 46. Rf4 Qf8 47. Rxf7 Qxf7 48. Qxd6 Bd4 49. Qg3+ Bg7 50. d6 Qd7 51. Ne3 Kf8 52. Qf4+ Ke8 53. Qe4+ Kd8 54. Nf5 Bf8 55. Qa8+ Qc8 56. Qxc8+ Kxc8 57. g4 Kd7 58. Kg2 Ke6 59. f3 Kd7 60. h4 Ke6 61. Kg3 Kd7 62. h5 Ke6 63. f4 Kd7 64. g5 Ke6 65. Kg4 Kd7 66. h6 Ke6 67. g6 Kd5 1-0

[Event "ESP-ch U14 rapid"]
[Site "Salobrena"]
[Date "2023.07.23"]
[Round "9"]
[White "Jove Albaiges, Guillem"]
[Black "Villa Tornero, Alex"]
[Result "0-1"]
[WhiteElo "1891"]
[BlackElo "2175"]
[PlyCount "64"]
[EventDate "2023.07.22"]
[EventType "swiss (rapid)"]
[EventRounds "9"]
[EventCountry "ESP"]
[SourceTitle "EXT 2024"]
[Source "ChessBase"]
[SourceDate "2023.10.10"]
[SourceVersion "1"]
[SourceVersionDate "2023.10.10"]
[SourceQuality "1"]

1. d4 Nf6 2. c4 c5 3. d5 b5 4. cxb5 a6 5. bxa6 Bxa6 6. Nc3 g6 7. e4 Bxf1 8. Kxf1 d6 9. g3 Bg7 10. Kg2 0-0 11. Qc2 Na6 12. Nf3 Nb4 13. Qe2 Qb6 14. a4 Rfb8 15. Ra3 Qa6 16. Nb5 Nd7 17. b3 Nb6 18. h4 h5 19. Bg5 Nd7 20. Bc1 Qc8 21. Bb2 Bxb2 22. Qxb2 Nd3 23. Qc3 N3e5 24. Raa1 Nxf3 25. Qxf3 Ne5 26. Qe2 Qd7 27. Rac1 Rc8 28. Rhd1 Kh7 29. f4 Ng4 30. e5 c4 31. Rxc4 Rxc4 32. Qxc4 Ne3+ 0-1

[Event "ESP-ch U14 rapid"]
[Site "Salobrena"]
[Date "2023.07.23"]
[Round "5"]
[White "Salinas Tomas, Daniel"]
[Black "Jove Albaiges, Guillem"]
[Result "0-1"]
[WhiteElo "2096"]
[BlackElo "1891"]
[PlyCount "96"]
[EventDate "2023.07.22"]
[EventType "swiss (rapid)"]
[EventRounds "9"]
[EventCountry "ESP"]
[SourceTitle "EXT 2024"]
[Source "ChessBase"]
[SourceDate "2023.10.10"]
[SourceVersion "1"]
[SourceVersionDate "2023.10.10"]
[SourceQuality "1"]

1. d4 Nf6 2. c4 e6 3. g3 c5 4. d5 exd5 5. cxd5 d6 6. Nc3 g6 7. Bg2 Bg7 8. Nf3 0-0 9. 0-0 Re8 10. Nd2 a6 11. a4 Nbd7 12. Nc4 Ne5 13. Nxe5 Rxe5 14. Bf4 Re8 15. a5 b5 16. axb6 Qxb6 17. Qc2 Nh5 18. Bd2 a5 19. e4 Ba6 20. Rfe1 Rab8 21. Na4 Qc7 22. f4 Nf6 23. e5 dxe5 24. Qxc5 Qxc5+ 25. Nxc5 Bc4 26. d6 exf4 27. Bxf4 Red8 28. d7 Rxb2 29. Bc7 Nxd7 30. Bxd8 Bd4+ 31. Kh1 Nxc5 32. Bxa5 Nd3 33. Re8+ Kg7 34. h3 Rxg2 35. Kxg2 Bxa1 36. Kf3 Be6 37. g4 Bf6 38. Ke3 Nc5 39. Bb4 Nd7 40. Ke4 h5 41. Kf3 Ne5+ 42. Ke4 hxg4 43. hxg4 Nxg4 44. Bf8+ Kh7 45. Ba3 Bg7 46. Kf4 Nf6 47. Rb8 Nh5+ 48. Kg5 Bf6# 0-1

[Event "ESP-ch U14 rapid"]
[Site "Salobrena"]
[Date "2023.07.23"]
[Round "7"]
[White "Sierra Vallina, Lionel"]
[Black "Jove Albaiges, Guillem"]
[Result "1-0"]
[WhiteElo "2079"]
[BlackElo "1891"]
[PlyCount "89"]
[EventDate "2023.07.22"]
[EventType "swiss (rapid)"]
[EventRounds "9"]
[EventCountry "ESP"]
[SourceTitle "EXT 2024"]
[Source "ChessBase"]
[SourceDate "2023.10.10"]
[SourceVersion "1"]
[SourceVersionDate "2023.10.10"]
[SourceQuality "1"]

1. e4 c5 2. Nf3 d6 3. Bb5+ Nd7 4. c3 a6 5. Ba4 b5 6. Bc2 Ngf6 7. d4 cxd4 8. cxd4 d5 9. e5 Ne4 10. Nbd2 Nxd2 11. Bxd2 Nb6 12. Ng5 h6 13. Qh5 hxg5 14. Qxh8 Nc4 15. Bb4 a5 16. Bc5 Qc7 17. 0-0 Nxe5 18. Rfe1 Nc6 19. Qh5 Bd7 20. Qxg5 0-0-0 21. Bd3 Qb7 22. Qxd5 Be6 23. Qf3 Nxd4 24. Qxb7+ Kxb7 25. Bxd4 Rxd4 26. Bxb5 Rb4 27. a4 g6 28. Rad1 Bg7 29. Bd7 Bb3 30. Rd3 Bf6 31. Be8 Bxa4 32. Bxf7 g5 33. b3 Bb5 34. Rde3 Rd4 35. h3 Rd2 36. Rxe7+ Bxe7 37. Rxe7+ Kb6 38. Re6+ Kb7 39. Re5 Bc6 40. Rxa5 Rd1+ 41. Kh2 Rd7 42. Be8 Rg7 43. Bxc6+ Kxc6 44. Kg3 Kb6 45. Rf5 1-0

[Event "ESP-ch U14"]
[Site "Salobrena"]
[Date "2023.07.19"]
[Round "5"]
[White "Povshednyi, Ivan"]
[Black "Jove Albaiges, Guillem"]
[Result "1-0"]
[WhiteElo "2220"]
[BlackElo "2067"]
[PlyCount "101"]
[EventDate "2023.07.17"]
[EventType "swiss"]
[EventRounds "9"]
[EventCountry "ESP"]
[SourceTitle "EXT 2024"]
[Source "ChessBase"]
[SourceDate "2023.10.10"]
[SourceVersion "1"]
[SourceVersionDate "2023.10.10"]
[SourceQuality "1"]

1. c4 c5 2. Nc3 g6 3. g3 Bg7 4. Bg2 Nc6 5. d3 d6 6. Qd2 e5 7. e3 Nge7 8. Nge2 Be6 9. Nd5 0-0 10. 0-0 Rb8 11. b3 Qd7 12. Bb2 b5 13. Rfd1 Rfd8 14. Rac1 a6 15. Ba1 f5 16. d4 b4 17. Qc2 Qa7 18. Rd2 Rbc8 19. Nxe7+ Nxe7 20. Qd1 Qc7 21. Bb2 Bf7 22. Qc2 Qb6 23. Rcd1 Bf6 24. Qb1 cxd4 25. exd4 exd4 26. Bxd4 Bxd4 27. Rxd4 Rc5 28. Nf4 Re5 29. Qd3 Nc8 30. h4 Qa5 31. Qd2 Rde8 32. Nd5 Bxd5 33. Bxd5+ Kg7 34. Bf3 Qb6 35. Kg2 a5 36. h5 Rh8 37. Qg5 Qd8 38. h6+ Kf7 39. Bd5+ Ke8 40. Bc6+ Kf7 41. Bd5+ Ke8 42. Qf4 Qc7 43. Bf3 Re7 44. Rd5 Kf7 45. Qd4 Rg8 46. c5 dxc5 47. Rxc5 Qa7 48. Bd5+ Re6 49. Bxe6+ Kxe6 50. Qe5+ Kf7 51. Rc7+ 1-0

[Event "ESP-ch U14"]
[Site "Salobrena"]
[Date "2023.07.18"]
[Round "3"]
[White "Torosyan Saghatelyan, Arturo"]
[Black "Jove Albaiges, Guillem"]
[Result "1-0"]
[WhiteElo "1725"]
[BlackElo "2067"]
[PlyCount "78"]
[EventDate "2023.07.17"]
[EventType "swiss"]
[EventRounds "9"]
[EventCountry "ESP"]
[SourceTitle "EXT 2024"]
[Source "ChessBase"]
[SourceDate "2023.10.10"]
[SourceVersion "1"]
[SourceVersionDate "2023.10.10"]
[SourceQuality "1"]

1. e4 c5 2. Nf3 d6 3. d4 cxd4 4. Nxd4 Nf6 5. Nc3 g6 6. Be3 Bg7 7. f3 Nc6 8. Qd2 0-0 9. g4 Be6 10. Nxe6 fxe6 11. 0-0-0 Rc8 12. h4 Ne5 13. Be2 Nfd7 14. f4 Nc4 15. Bxc4 Rxc4 16. e5 Rc6 17. h5 Rf7 18. hxg6 hxg6 19. Qh2 Nf8 20. f5 gxf5 21. gxf5 Rxf5 22. Rdg1 Kf7 23. Bg5 Ke8 24. exd6 Rxd6 25. Ne4 Rd4 26. Nc3 Be5 27. Qh5+ Kd7 28. Nb5 Rd5 29. Qe2 Rxg5 30. Rxg5 Bf4+ 31. Kb1 Bxg5 32. c4 Rd2 33. Rd1 Kc8 34. Nxa7+ Kb8 35. Rxd2 Qxd2 36. Qe5+ Kxa7 37. Qc5+ Kb8 38. Qe5+ Qd6 39. Qxg5 Qd1+ 1-0

[Event "ESP-ch U12 Rapid"]
[Site "Salobrena"]
[Date "2022.07.17"]
[Round "5"]
[White "Jove Albaiges, Guillem"]
[Black "Herrero Pena, Laura"]
[Result "1-0"]
[WhiteElo "1623"]
[BlackElo "1269"]
[PlyCount "91"]
[EventDate "2022.07.09"]
[EventType "swiss (rapid)"]
[EventRounds "9"]
[EventCountry "ESP"]
[SourceTitle "EXT 2023"]
[Source "ChessBase"]
[SourceDate "2022.10.05"]
[SourceVersion "1"]
[SourceVersionDate "2022.10.05"]
[SourceQuality "1"]

1. d4 Nf6 2. c4 g6 3. Nc3 Bg7 4. e4 d6 5. Nf3 0-0 6. Be2 Bg4 7. 0-0 Nfd7 8. h3 Bxf3 9. Bxf3 Nc6 10. Be3 Re8 11. Qd2 e5 12. d5 Nd4 13. Be2 Nxe2+ 14. Qxe2 Nb6 15. b4 Qe7 16. Rac1 Nd7 17. Nb5 Nf6 18. f3 a6 19. Nc3 Rac8 20. c5 Qd7 21. Rfd1 Red8 22. a4 c6 23. dxc6 Rxc6 24. b5 axb5 25. axb5 Rcc8 26. Rxd6 Qe7 27. Rcd1 Rxd6 28. Rxd6 Rd8 29. Qd3 Rxd6 30. cxd6 Qd7 31. Na4 Bf8 32. Bc5 Ne8 33. Nb6 Qd8 34. Nc4 f6 35. Qd5+ Kg7 36. Qxb7+ Kg8 37. Qd5+ Kg7 38. b6 Qb8 39. Kh2 Qc8 40. b7 Qb8 41. d7 Nc7 42. Bxf8+ Kxf8 43. d8Q+ Qxd8 44. Qxd8+ Kf7 45. Qxc7+ Kf8 46. b8R# 1-0

[Event "ESP-ch U12 Rapid"]
[Site "Salobrena"]
[Date "2022.07.16"]
[Round "2"]
[White "Gonzalez Chapado, Dario"]
[Black "Jove Albaiges, Guillem"]
[Result "1/2-1/2"]
[WhiteElo "1312"]
[BlackElo "1623"]
[PlyCount "146"]
[EventDate "2022.07.09"]
[EventType "swiss (rapid)"]
[EventRounds "9"]
[EventCountry "ESP"]
[SourceTitle "EXT 2023"]
[Source "ChessBase"]
[SourceDate "2022.10.05"]
[SourceVersion "1"]
[SourceVersionDate "2022.10.05"]
[SourceQuality "1"]

1. d4 Nf6 2. Nc3 d5 3. Bf4 e6 4. e3 Bd6 5. Bd3 0-0 6. Nf3 c5 7. dxc5 Bxc5 8. 0-0 Bd6 9. Bxd6 Qxd6 10. e4 dxe4 11. Nxe4 Qe7 12. Qe2 Nc6 13. Rad1 e5 14. Rfe1 Re8 15. Nxf6+ Qxf6 16. Qe4 g6 17. Bb5 Bf5 18. Qc4 Rac8 19. Qb3 Re7 20. Bxc6 Rxc6 21. c3 Rce6 22. Rd2 Bg4 23. Re3 Rd6 24. Rxd6 Qxd6 25. h3 Be6 26. Qa4 Bd5 27. Qxa7 f5 28. Qa5 Bxf3 29. Rxf3 Qd1+ 30. Kh2 e4 31. Qc5 exf3 32. Qxe7 fxg2 33. Qe6+ Kg7 34. Kxg2 Qd8 35. Qe5+ Kg8 36. c4 Qa8 37. Qd5+ Kg7 38. a3 Qb8 39. b4 b6 40. c5 Qf4 41. Qf3 Qg5+ 42. Qg3 Qe7 43. cxb6 Qb7+ 44. Qf3 Qxb6 45. Qe3 Qb7+ 46. Qf3 Qb6 47. Qc3+ Kg8 48. Qc8+ Kg7 49. Qd7+ Kg8 50. Qe8+ Kg7 51. Qe7+ Kg8 52. a4 Qc6+ 53. Kg1 Qxa4 54. Qd8+ Kg7 55. Qe7+ Kg8 56. Qd8+ Kg7 57. Qd4+ Kg8 58. Qb2 Qb5 59. Qb3+ Kg7 60. Qc3+ Kh6 61. Qc5 Qd7 62. b5 Qd8 63. b6 Qg5+ 64. Kf1 Qh4 65. Qe3+ Kg7 66. Qb3 Qe4 67. b7 Qh1+ 68. Ke2 Qe4+ 69. Kd2 Qd4+ 70. Kc1 Qc5+ 71. Kb2 Qxf2+ 72. Ka3 Qa7+ 73. Kb2 Qf2+ 1/2-1/2

[Event "ESP-ch U12"]
[Site "Salobrena"]
[Date "2022.07.15"]
[Round "8"]
[White "Jove Albaiges, Guillem"]
[Black "Torosyan Saghatelyan, Arturo"]
[Result "1/2-1/2"]
[WhiteElo "1883"]
[BlackElo "1390"]
[PlyCount "60"]
[EventDate "2022.07.04"]
[EventType "swiss"]
[EventRounds "9"]
[EventCountry "ESP"]
[SourceTitle "EXT 2023"]
[Source "ChessBase"]
[SourceDate "2022.10.05"]
[SourceVersion "1"]
[SourceVersionDate "2022.10.05"]
[SourceQuality "1"]

1. e4 c5 2. Nf3 Nc6 3. d3 Nf6 4. g3 g6 5. Bg2 Bg7 6. 0-0 0-0 7. Re1 d5 8. Nbd2 dxe4 9. dxe4 Bg4 10. c3 Ne5 11. Qe2 Qd3 12. h3 Nxf3+ 13. Nxf3 Qxe2 14. Rxe2 Bxf3 15. Bxf3 e5 16. Be3 b6 17. Rd1 Rfd8 18. Red2 Rxd2 19. Rxd2 Kf8 20. Kf1 Ke7 21. Ke2 Rd8 22. Rxd8 Kxd8 23. Kd3 Kc7 24. b4 Bf8 25. Kc4 Kc6 26. b5+ Kd6 27. g4 Ne8 28. g5 Nc7 29. Bg4 Ne6 30. h4 Be7 1/2-1/2

[Event "Foment Martinenc op-A 22nd"]
[Site "Barcelona"]
[Date "2022.06.11"]
[Round "8"]
[White "Jove Albaiges, Guillem"]
[Black "Perez Pastora, Evaristo"]
[Result "0-1"]
[WhiteElo "1911"]
[BlackElo "2071"]
[PlyCount "120"]
[EventDate "2022.04.23"]
[EventType "swiss"]
[EventRounds "9"]
[EventCountry "ESP"]
[SourceTitle "EXT 2023"]
[Source "ChessBase"]
[SourceDate "2022.10.05"]
[SourceVersion "1"]
[SourceVersionDate "2022.10.05"]
[SourceQuality "1"]

1. e4 c5 2. Nf3 d6 3. Bb5+ Bd7 4. Bxd7+ Qxd7 5. c4 Nf6 6. Nc3 Nc6 7. d4 cxd4 8. Nxd4 g6 9. f3 Bg7 10. Be3 h5 11. Qd2 Rc8 12. b3 0-0 13. 0-0 Kh7 14. Rac1 b6 15. Rfd1 Qb7 16. Nd5 Rfe8 17. Nxc6 Rxc6 18. Bd4 Nxd5 19. exd5 Rc7 20. Bxg7 Kxg7 21. Qd4+ Kg8 22. Re1 b5 23. cxb5 Rxc1 24. Rxc1 Qxb5 25. Kf2 Qa5 26. Rc2 Rb8 27. Qd2 Qxd2+ 28. Rxd2 Rc8 29. Ke3 Kg7 30. Kd4 e5+ 31. dxe6 fxe6 32. b4 Kf6 33. Rb2 d5 34. Kd3 Ke5 35. a4 Rc4 36. Ke3 Rc3+ 37. Kd2 Kd4 38. a5 Ra3 39. Kc2 g5 40. Kd2 e5 41. Ke2 Kc3 42. Rd2 d4 43. g3 Kxb4 44. f4 Rxa5 45. fxg5 Kc3 46. g6 Ra6 47. g7 Rg6 48. Rd3+ Kc4 49. g8Q+ Rxg8 50. Ra3 Rb8 51. Rxa7 e4 52. Ra2 Kc3 53. Ra3+ Rb3 54. Ra4 Rb2+ 55. Kd1 Rxh2 56. Ra5 Rh1+ 57. Ke2 d3+ 58. Ke3 Re1+ 59. Kf2 d2 60. Ra3+ Kb2 0-1

[Event "ESP-ch U12"]
[Site "Salobrena"]
[Date "2021.07.10"]
[Round "9"]
[White "Torres Rebolledo, Alvaro"]
[Black "Jove Albaiges, Guillem"]
[Result "1-0"]
[WhiteElo "1635"]
[BlackElo "1492"]
[PlyCount "81"]
[EventDate "2021.07.05"]
[EventType "swiss"]
[EventRounds "9"]
[EventCountry "ESP"]
[SourceTitle "EXT 2022"]
[Source "ChessBase"]
[SourceDate "2021.10.06"]
[SourceVersion "1"]
[SourceVersionDate "2021.10.06"]
[SourceQuality "1"]

1. e4 c5 2. d4 cxd4 3. c3 d5 4. exd5 Qxd5 5. cxd4 e5 6. dxe5 Qxd1+ 7. Kxd1 Nc6 8. f4 Bf5 9. Be2 0-0-0+ 10. Bd2 f6 11. Nf3 Bc5 12. Nc3 Nge7 13. Ke1 fxe5 14. fxe5 Ng6 15. Rc1 Bb6 16. Nb5 Kb8 17. Nd6 Rhf8 18. Bg5 Rd7 19. Bb5 Ngxe5 20. Nxe5 Nxe5 21. Bxd7 Nd3+ 22. Kd2 Ba5+ 23. Rc3 Bg6 24. Nc4 Rf2+ 25. Ke3 Bxc3 26. bxc3 Rxg2 27. Bf4+ Nxf4 28. Kxf4 Rxa2 29. h4 Bf7 30. Ne5 Kc7 31. Rg1 g6 32. Kg5 Ra5 33. Kf6 Bg8 34. Be8 Ra6+ 35. Kg7 Re6 36. Bf7 Rxe5 37. Kxg8 Rc5 38. Rg5 Rxc3 39. Kxh7 b6 40. Kxg6 Rc6+ 41. Kg7 1-0

[Event "ESP-ch U12"]
[Site "Salobrena"]
[Date "2021.07.09"]
[Round "7"]
[White "Jove Albaiges, Guillem"]
[Black "Villa Tornero, Alex"]
[Result "1/2-1/2"]
[WhiteElo "1492"]
[BlackElo "1804"]
[PlyCount "134"]
[EventDate "2021.07.05"]
[EventType "swiss"]
[EventRounds "9"]
[EventCountry "ESP"]
[SourceTitle "EXT 2022"]
[Source "ChessBase"]
[SourceDate "2021.10.06"]
[SourceVersion "1"]
[SourceVersionDate "2021.10.06"]
[SourceQuality "1"]

1. d4 Nf6 2. Nf3 c5 3. e3 cxd4 4. exd4 g6 5. Bd3 Bg7 6. 0-0 0-0 7. Bg5 d5 8. c3 Nc6 9. Nbd2 Qc7 10. Re1 Re8 11. h3 h6 12. Be3 Nh5 13. Nb3 a5 14. a4 b6 15. Qd2 Kh7 16. Bc2 Bd7 17. Nc1 e5 18. dxe5 Nxe5 19. Nxe5 Bxe5 20. Nd3 Bg7 21. Nf4 Nxf4 22. Bxf4 Qc5 23. Be3 Qd6 24. Rad1 Bc6 25. Bd4 Be5 26. Bxe5 Rxe5 27. Rxe5 Qxe5 28. Qd4 Qxd4 29. Rxd4 Re8 30. Kf1 b5 31. axb5 Bxb5+ 32. Bd3 Bc6 33. Be2 Rb8 34. Rd2 Kg7 35. Bf3 a4 36. c4 Kf6 37. cxd5 Bb5+ 38. Ke1 Ke5 39. Kd1 Kd6 40. Kc2 Bc4 41. Kc3 Bb3 42. Kd4 Rb4+ 43. Ke3 Rb5 44. Rd4 Bc2 45. Be4 Rxb2 46. Bxc2 Rxc2 47. Rxa4 Kxd5 48. Ra7 Ke6 49. Ra6+ Kf5 50. Ra5+ Kf6 51. Kf3 Rc3+ 52. Ke2 Rc6 53. g3 h5 54. h4 Re6+ 55. Kf3 Re5 56. Rxe5 Kxe5 57. Ke3 f6 58. f3 Kf5 59. Kf2 Ke6 60. Ke2 Kd6 61. Kd2 Kc6 62. Ke2 Kd5 63. Kd3 g5 64. hxg5 fxg5 65. Ke3 Ke5 66. f4+ gxf4+ 67. gxf4+ Kf5 1/2-1/2

[Event "ESP-ch U12"]
[Site "Salobrena"]
[Date "2021.07.05"]
[Round "2"]
[White "Jove Albaiges, Guillem"]
[Black "Camps Abadia, Arnau"]
[Result "1-0"]
[WhiteElo "1492"]
[BlackElo "1261"]
[PlyCount "85"]
[EventDate "2021.07.05"]
[EventType "swiss"]
[EventRounds "9"]
[EventCountry "ESP"]
[SourceTitle "EXT 2022"]
[Source "ChessBase"]
[SourceDate "2021.10.06"]
[SourceVersion "1"]
[SourceVersionDate "2021.10.06"]
[SourceQuality "1"]

1. d4 f5 2. Nf3 Nf6 3. e3 b6 4. Bd3 e6 5. 0-0 Bb7 6. b3 Be7 7. Bb2 0-0 8. Nbd2 d6 9. c4 Qe8 10. Qc2 Qg6 11. d5 Nfd7 12. Nd4 Nc5 13. Be2 exd5 14. Bf3 c6 15. cxd5 cxd5 16. b4 Ne6 17. N2b3 Na6 18. Qd2 Rac8 19. Rfd1 Ng5 20. a3 Bf6 21. Qe2 Rfe8 22. Bh5 Qh6 23. Bxe8 Rxe8 24. Nxf5 Qg6 25. Bxf6 Qxf6 26. Ng3 Nc7 27. Nd4 Bc8 28. h3 Kh8 29. Rac1 Nce6 30. Qb5 Rf8 31. Rd2 Nxd4 32. exd4 Bxh3 33. Qxd5 Qh6 34. gxh3 Nf3+ 35. Qxf3 g6 36. Qe3 Qxh3 37. Rdc2 a5 38. bxa5 bxa5 39. Rc7 Qh4 40. Rc8 Rxc8 41. Rxc8+ Kg7 42. Rc7+ Kf8 43. Qf3+ 1-0